Medical Surgical Nursing : Solved questions for undergraduate nurses (Record no. 154963)
[ view plain ]
| 000 -LEADER | |
|---|---|
| fixed length control field | 00436nam a2200145Ia 4500 |
| 008 - FIXED-LENGTH DATA ELEMENTS--GENERAL INFORMATION | |
| fixed length control field | 230411s9999 xx 000 0 und d |
| 020 ## - INTERNATIONAL STANDARD BOOK NUMBER | |
| International Standard Book Number | 81 8061 856 0 |
| 041 ## - LANGUAGE CODE | |
| Language code of text/sound track or separate title | eng |
| 082 ## - DEWEY DECIMAL CLASSIFICATION NUMBER | |
| Classification number | MS/610.73677/VEN/B04263 |
| 100 ## - MAIN ENTRY--PERSONAL NAME | |
| Personal name | Venkatesh Vijayalakshmi |
| 9 (RLIN) | 178194 |
| 245 ## - TITLE STATEMENT | |
| Title | Medical Surgical Nursing : Solved questions for undergraduate nurses |
| 260 ## - PUBLICATION, DISTRIBUTION, ETC. (IMPRINT) | |
| Name of publisher, distributor, etc. | Jaypee Brothers |
| Place of publication, distribution, etc. | New Delhi |
| Date of publication, distribution, etc. | 2007 |
| 300 ## - PHYSICAL DESCRIPTION | |
| Extent | 243p |
| Withdrawn status | Lost status | Damaged status | Not for loan | Collection code | Home library | Current library | Date acquired | Vendor | Cost, normal purchase price | Bill number | Total Checkouts | Full call number | Barcode | Date last seen | Cost, replacement price | Bill Date | Koha item type | Original Barcode |
|---|---|---|---|---|---|---|---|---|---|---|---|---|---|---|---|---|---|---|
| MS | Smt. Bakul Tambat Institute of Nursing Education | Smt. Bakul Tambat Institute of Nursing Education | 21/11/2007 | B.J.Medical Co-oprative College Stores | 125.00 | 1588 | MS 610.73677 VEN B04263 | BTIN-BK-4263 | 11/04/2023 | 94.00 | 21/11/2007 | Books | B04263 | |||||
| MS | Smt. Bakul Tambat Institute of Nursing Education | Smt. Bakul Tambat Institute of Nursing Education | 21/11/2007 | B.J.Medical Co-oprative College Stores | 125.00 | 1588 | MS 610.73677 VEN B04264 | BTIN-BK-4264 | 11/04/2023 | 94.00 | 21/11/2007 | Books | B04264 | |||||
| MS | Smt. Bakul Tambat Institute of Nursing Education | Smt. Bakul Tambat Institute of Nursing Education | 21/11/2007 | B.J.Medical Co-oprative College Stores | 125.00 | 1588 | MS 610.73677 VEN B04265 | BTIN-BK-4265 | 11/04/2023 | 94.00 | 21/11/2007 | Books | B04265 | |||||
| MS | Smt. Bakul Tambat Institute of Nursing Education | Smt. Bakul Tambat Institute of Nursing Education | 21/11/2007 | B.J.Medical Co-oprative College Stores | 125.00 | 1588 | MS 610.73677 VEN B04266 | BTIN-BK-4266 | 11/04/2023 | 94.00 | 21/11/2007 | Books | B04266 |